| Tag |
First Indicator |
Second Indicator |
Subfields |
| LEADER |
00000cam a2200000 i 4500 |
| 001 |
in00005773949 |
| 005 |
20260327180533.6 |
| 006 |
m o d |
| 007 |
cr cnu|||||||| |
| 008 |
241026t20242025ne a ob 001 0 eng d |
| 040 |
|
|
|a EBLCP
|b eng
|e rda
|e pn
|c EBLCP
|d YDX
|d OCLCQ
|d OPELS
|d OCLCO
|d OCLCQ
|d N$T
|d WAU
|d OCLCO
|d OCLCQ
|d UKAHL
|d UKKRT
|d UKMGB
|
| 015 |
|
|
|a GBC4B4467
|2 bnb
|
| 016 |
7 |
|
|a 300295929
|2 Uk
|
| 019 |
|
|
|a 1464024354
|a 1482691409
|
| 020 |
|
|
|a 9780443298509
|q (electronic bk.)
|
| 020 |
|
|
|a 0443298505
|q (electronic bk.)
|
| 020 |
|
|
|z 9780443298493
|q (paperback)
|
| 024 |
8 |
|
|a CIPO000139168
|
| 035 |
|
|
|a (OCoLC)1463771862
|z (OCoLC)1464024354
|z (OCoLC)1482691409
|
| 050 |
|
4 |
|a QP519.9.H53
|
| 082 |
0 |
4 |
|a 543.84
|
| 049 |
|
|
|a TXAM
|
| 100 |
1 |
|
|a Moldoveanu, Șerban,
|e author.
|1 https://id.oclc.org/worldcat/entity/E39PCjDHmrjFtCJTVqVHKjBhQC
|
| 245 |
1 |
0 |
|a Method development in analytical HPLC /
|c Serban C. Moldoveanu, Victor David.
|
| 264 |
|
1 |
|a Amsterdam :
|b Elsevier,
|c [2024]
|
| 264 |
|
4 |
|c ©2025
|
| 300 |
|
|
|a 1 online resource (ix, 606 pages) :
|b illustrations
|
| 336 |
|
|
|a text
|b txt
|2 rdacontent
|
| 337 |
|
|
|a computer
|b c
|2 rdamedia
|
| 338 |
|
|
|a online resource
|b cr
|2 rdacarrier
|
| 504 |
|
|
|a Includes bibliographical references and index.
|
| 520 |
|
|
|a This book provides clear guidance for adopting analytical methods from the literature and describes the development of original methods with selection of the suitable type of HPLC, of specific columns, mobile phase, and detection techniques with an emphasis on the use of mass spectrometry for detection, as well as optimization and validation of the chosen analytical method. The book includes useful details on method development for specific types of chromatography such as RP-HPLC, HILIC, ion exchange, size exclusion, and chiral.
|
| 588 |
0 |
|
|a Online resource; title from PDF title page (EBSCO, April 17, 2025)
|
| 650 |
|
0 |
|a High performance liquid chromatography.
|
| 650 |
|
0 |
|a Mass spectrometry.
|
| 650 |
|
0 |
|a Green chemistry.
|
| 650 |
|
0 |
|a Biochemistry.
|
| 650 |
|
0 |
|a Chromatographic analysis.
|
| 650 |
|
6 |
|a Chromatographie en phase liquide à hautes performances.
|
| 650 |
|
6 |
|a Spectrométrie de masse.
|
| 650 |
|
6 |
|a Chimie verte.
|
| 650 |
|
6 |
|a Biochimie.
|
| 650 |
|
6 |
|a Chromatographie.
|
| 650 |
|
7 |
|a mass spectrometry.
|2 aat
|
| 650 |
|
7 |
|a biochemistry.
|2 aat
|
| 650 |
|
7 |
|a chromatography.
|2 aat
|
| 655 |
|
7 |
|a Electronic books.
|2 local
|
| 700 |
1 |
|
|a David, Victor,
|d 1955-
|e author.
|1 https://id.oclc.org/worldcat/entity/E39PBJcrf6GWqpthcKFYXXvPwC
|
| 710 |
2 |
|
|a ScienceDirect (Online service)
|
| 776 |
0 |
8 |
|i Print version:
|a Moldoveanu, Serban C.
|t Method Development in Analytical HPLC
|d Chantilly : Elsevier,c2024
|z 9780443298493
|
| 776 |
0 |
8 |
|i Print version :
|z 9780443298493
|
| 856 |
4 |
0 |
|u http://proxy.library.tamu.edu/login?url=https://www.sciencedirect.com/science/book/9780443298493
|z Connect to the full text of this electronic book
|t 0
|
| 955 |
|
|
|a Elsevier ScienceDirect 2026-2027
|
| 994 |
|
|
|a 92
|b TXA
|
| 999 |
f |
f |
|i b935450d-5d00-4c98-815e-abcc301bd455
|s 1c29be6d-4af1-40ab-9739-61d926305798
|t 0
|
| 952 |
f |
f |
|a Texas A&M University
|b College Station
|c Electronic Resources
|s www_evans
|d Available Online
|t 0
|e QP519.9.H53
|h Library of Congress classification
|
| 998 |
f |
f |
|a QP519.9.H53
|t 0
|l Available Online
|